| 000 | nam a22 a 4500 | ||
|---|---|---|---|
| 999 |
_c540 _d540 |
||
| 005 | 20170504105046.0 | ||
| 008 | 170504b19811996-us||||| |||| 00| 0 eng d | ||
| 020 | _a0534204600 | ||
| 040 | _aAKMAL | ||
| 082 | 0 | 4 | _a153.8 PET |
| 090 |
_a153.8 _bPET |
||
| 100 | 1 |
_aPetri, Herbert L. _91196 |
|
| 245 | 1 | 0 |
_aMotivation : _btheory, research, and applications / _cHerbert L. Petri. |
| 250 | _a4th ed | ||
| 260 | _aPacific Grove ; | ||
| 260 |
_a London : _bBrooks/Cole, _cc1996. |
||
| 300 |
_axix,440p. : _bill. ; _c25cm |
||
| 500 | _aPrevious ed.: Belmont : Wadsworth, 1991. | ||
| 500 | _aBibliography: p370-416. - Includes index. | ||
| 599 | _aDALAM PROSES | ||
| 650 | 0 |
_aMotivation (Psychology) _9559 |
|
| 852 | 4 | 1 |
_aBritish Library _bDSC |
| 942 |
_2ddc _cBOOK |
||